00272nam a2200121Ia 4500008004100000020001400041041000800055082000800063100001700071245004500088260000900133300000800142230724s1999 xx und d a185431736 aeng a915 aNICHOLSON L. aTHE RED FORT, DELHI, TRAVEL TO LANDMARK, c1999 a128